Provinces de la Colombie - Statistiques

Statistiques générales
  • Ce quiz a été pris 63 fois
  • Le résultat moyen est 6 sur 16
Statistiques - réponses
Answer
% Correct
Antioquia
74%
Choco
56%
Santander
56%
Cauca
51%
Cundinamarca
47%
Bolivar
44%
Norte de Santander
44%
La Guajira
37%
Valle del Cauca
37%
Narino
35%
Huila
30%
Meta
30%
Boyaca
28%
Sucre
26%
Caldas
23%
Tollima
23%
Aucun quiz correspondant
Distribution des résultats
% des personnes avec chaque résultat
Percentile par nombre de réponses
Votre historique - résultats
Vous n’avez pas pris ce quiz